Portugal 2026 World Cup Squad - Statistics

General Stats
  • This quiz has been taken 18 times
  • The average score is 20 of 28
Answer Stats
Hint Answer % Correct
FW Cristiano Ronaldo
100%
MF Bernardo Silva
93%
MF Bruno Fernandes
93%
MF Joao Neves
93%
DF Nuno Mendes
93%
MF Ruben Neves
93%
GK Rui Silva
93%
FW Gonçalo Ramos
87%
DF Ruben Dias
87%
MF Vitinha
87%
GK Diogo Costa
80%
DF Diogo Dalot
73%
FW Joao Felix
73%
FW Rafael Leao
73%
DF Joao Cancelo
67%
GK Jose Sa
67%
Roberto Martinez
67%
MF Samuel Costa
67%
FW Francisco Conceiçao
60%
FW Francisco Trinçao
60%
DF Gonçalo Inacio
60%
DF Nelson Semedo
60%
MF Gonçalo Guedes
47%
FW Pedro Neto
47%
GK Ricardo Velho
47%
MF Matheus Nunes
40%
DF Thomas Araujo
40%
MF Renato Veiga
33%
No matching quizzes found
Score Distribution
Percent of People with Each Score
Percentile by Number Answered
Your Score History
You have not taken this quiz